000 00398nam a2200169 a 4500
001 0000-8578
003 ELIB.Books
008 110520 1986
035 _a(ELIB.Books)0000-8724
082 _aFic
_bShu
100 _aShubik, Irene
245 _aThe War Guest
260 _bLondon: W. H. Allen
_c1986
650 _aFiction
942 _2ddc
_cBK
998 _cbat
_e2011-05-20
999 _c8578
_d8578